00655nam a2200145Ia 4500008004100000050002300041100002800064245015400092260008600246300003300332521001200365942000700377999001900384952010600403140724s9999 xx 000 0 und d aRT 41b.Ab162 2009 aAbrenica, Mara Jamaica. 4aThe hospital duty bags as an enhancer of student nurses' time management and equipment organization in the clinical setting /cMara Jamaica Abrenica. aLas Piñas, Philippines :bSouthville International School and Colleges,cc2009. a41 p. :bcol. Ill. ;c28 cm. aNursing cTH c228976d228976 001040aCLbCLcTHESESd2014-07-24l0oRT 41 .Ab162 2009pT0330r2018-05-15 00:00:00w2014-07-24yTH